Managerial economics / (Record no. 27463)

MARC details
000 -LEADER
fixed length control field 00948nam a22002534a 4500
005 - DATE AND TIME OF LATEST TRANSACTION
control field 20090615144855.0
008 - FIXED-LENGTH DATA ELEMENTS--GENERAL INFORMATION
fixed length control field 050908s2006 waua b 001 0 eng
010 ## - LCCN (DPL NO)
LC control number ENG-94007
020 ## - INTERNATIONAL STANDARD BOOK NUMBER
International Standard Book Number 9788120337206
Terms of availability 250.00
035 ## - SYSTEM CONTROL NUMBER
System control number EN-77540
037 ## - SOURCE OF ACQUISITION
Source of stock number/acquisition DBAD / PUB
040 ## - CATALOGING SOURCE
Original cataloging agency dpl
Language of cataloging English
082 ## - DEWEY DECIMAL CLASSIFICATION NUMBER
Classification number 338.5024658
100 ## - MAIN ENTRY--PERSONAL NAME
Personal name Nadar, E. Narayanan
245 ## - TITLE STATEMENT
Title Managerial economics /
Statement of responsibility, etc by E. Narayanan Nadar and S. Vijayan
260 ## - PUBLICATION, DISTRIBUTION, ETC. (IMPRINT)
Place of publication, distribution, etc New Delhi
Name of publisher, distributor, etc PHI Learning
Date of publication, distribution, etc 2009
270 ## - ADDRESS
Address M-97, Connaught Circus,
City New Delhi
Postal code 110001
300 ## - PHYSICAL DESCRIPTION
Extent xix, 308 p.
Dimensions 26cm(pbk)
500 ## - GENERAL NOTE
General note Includes bibliographical references and index
650 ## - SUBJECT ADDED ENTRY--TOPICAL TERM
Topical term or geographic name as entry element Managerial economics
700 ## - ADDED ENTRY--PERSONAL NAME
Personal name Vijayan, S.
942 ## - ADDED ENTRY ELEMENTS (KOHA)
Source of classification or shelving scheme Dewey Decimal Classification
Item type English Books
Call number suffix NAD
Classification part 338.5024658
Holdings
Withdrawn status Lost status Source of classification or shelving scheme Damaged status Not for loan Collection code Home library Current library Date acquired Source of acquisition Cost, normal purchase price Total Checkouts Full call number Barcode Date last seen Copy number Cost, replacement price Koha item type
    Dewey Decimal Classification   Not For Loan Non-fiction D.B.Act.Division D.B.Act.Division 15/06/2009 DBAD / PUB 250.00   338.5024658 NAD EN-77540 15/06/2009 1 250.00 English Books

© Delhi Public Library
Hit Counter
free hit counter